| 000 | 00709nam a2200217 4500 | ||
|---|---|---|---|
| 008 | b xx# ara u | ||
| 010 | _a1547 | ||
| 040 | _aLB-BrCRDP | ||
| 082 | _a297.273/A964m | ||
| 100 | 1 | _a. عوض, بدوي عبد اللطيف | |
| 130 | 0 | _lAR | |
| 240 | _aIslam | ||
| 245 | 1 | 0 |
_a. الميزانية الاولى في الاسلام _cبدوي عبد اللطيف عوض |
| 260 |
_aبيروت _bجامعة بيروت العربية _c1973 |
||
| 300 |
_a39 ص . ؛ _c24 سم . |
||
| 500 | _a* مراجع في آخر الكتاب | ||
| 650 | _aالاسلام والاقتصاد | ||
| 700 | 0 | _aBadawy Abdellatif Awad | |
| 942 | _cBK | ||
| 999 |
_c13896 _d13896 |
||